Disney Cartoon Characters - Statistics

General Stats
  • This quiz has been taken 233 times
  • The average score is 14 of 16
Answer Stats
Picture Answer % Correct
Cinderella
98%
Minnie
97%
Tinkerbell
97%
Mickey
96%
Winnie the Pooh
96%
Peter Pan
94%
Elsa
93%
Rapunzel
91%
Ariel
90%
Stitch
89%
Belle
88%
Genie
87%
Mulan
86%
Tiana
81%
Merida
74%
Mirabel
64%
No matching quizzes found
Score Distribution
Percent of People with Each Score
Percentile by Number Answered
Your Score History
You have not taken this quiz